[Event "7MCR_4D_2L_4S"]
[Site "?"]
[Date "2006.??.??"]
[Round "?"]
[White "Fuzikova, Eva"]
[Black "Petricek, Jiri"]
[Result "1-0"]
[WhiteElo "1600"]
[BlackElo "1502"]
[PlyCount "67"]
[EventDate "2006.??.??"]
[EventType "corr"]
[EventRounds "2"]

1. d4 d5 2. Bf4 Nf6 3. e3 e6 4. Nf3 c5 5. c3 Nc6 6. Nbd2 Be7 7. Ne5 O-O 8. Bd3
Nxe5 9. Bxe5 Nd7 10. Bg3 c4 11. Bc2 b5 12. O-O a6 13. e4 Bb7 14. e5 b4 15. Qh5
g6 16. Qf3 Rb8 17. cxb4 Bxb4 18. Qe3 Qa5 19. Nf3 c3 20. bxc3 Bxc3 21. Bh4 Bxa1
22. Qh6 f5 23. Ng5 Rf7 24. Nxf7 Bxd4 25. Ng5 Nf8 26. Nxh7 Nxh7 27. Qxg6+ Kh8
28. Bf6+ Nxf6 29. Qxf6+ Kg8 30. Qxe6+ Kh8 31. Qh6+ Kg8 32. Qg6+ Kf8 33. Qxf5+
Ke8 34. Qe6+ 1-0

[Event "7MCR_4D_2L_4S"]
[Site "?"]
[Date "2006.??.??"]
[Round "?"]
[White "Fuzikova, Eva"]
[Black "Vins, Karel"]
[Result "1-0"]
[WhiteElo "1600"]
[BlackElo "1709"]
[PlyCount "61"]
[EventDate "2006.??.??"]
[EventType "corr"]
[EventRounds "2"]

1. d4 d5 2. Bf4 Nf6 3. e3 a6 4. Bd3 g6 5. Nf3 Bg7 6. O-O Nbd7 7. Nc3 c6 8. e4
dxe4 9. Nxe4 Nxe4 10. Bxe4 e6 11. Qe2 Nf6 12. Be5 O-O 13. a4 Bd7 14. Rfe1 Nxe4
15. Bxg7 Kxg7 16. Qxe4 Qf6 17. a5 Qf5 18. Qe2 Rad8 19. b4 h6 20. Ra3 Qb5 21.
Qd2 Qd5 22. c4 Qf5 23. Ne5 Qg5 24. Qb2 Bc8 25. d5 Kg8 26. Rg3 Qf6 27. dxc6 bxc6
28. Qc2 g5 29. h4 Qf4 30. hxg5 hxg5 31. Ree3 1-0

[Event "7MCR_4D_2L_4S"]
[Site "?"]
[Date "2006.??.??"]
[Round "?"]
[White "Petricek, Jiri"]
[Black "Fuzikova, Eva"]
[Result "0-1"]
[WhiteElo "1502"]
[BlackElo "1600"]
[PlyCount "54"]
[EventDate "2006.??.??"]
[EventType "corr"]
[EventRounds "2"]

1. e4 e5 2. Nf3 Nf6 3. Nxe5 d6 4. Nf3 Nxe4 5. d4 d5 6. Bd3 Bd6 7. O-O O-O 8. c4
c6 9. Nc3 Nxc3 10. bxc3 dxc4 11. Bxc4 Bg4 12. h3 Bh5 13. Re1 Qa5 14. Bb2 Nd7
15. g4 Bg6 16. Nh4 Nb6 17. Qd2 Nxc4 18. Qe2 b5 19. f3 Qd8 20. Nxg6 fxg6 21.
Qe6+ Kh8 22. Qe2 Qh4 23. Qg2 Rae8 24. Re2 Rxe2 25. Qxe2 Ne3 26. Qf2 Qxh3 27.
Qxe3 Qg3+ 0-1

[Event "7MCR_4D_2L_4S"]
[Site "?"]
[Date "2006.??.??"]
[Round "?"]
[White "Petricek, Jiri"]
[Black "Vacek, Frantisek"]
[Result "0-1"]
[WhiteElo "1502"]
[BlackElo "1800"]
[PlyCount "72"]
[EventDate "2006.??.??"]
[EventType "corr"]
[EventRounds "2"]

1. e4 c5 2. Nf3 Nc6 3. d4 cxd4 4. Nxd4 Nf6 5. Nc3 e5 6. Ndb5 d6 7. Bg5 a6 8.
Na3 Rb8 9. Bc4 Be7 10. O-O O-O 11. Bxf6 Bxf6 12. Bd5 Nd4 13. Ne2 Bg4 14. f3 Be6
15. Nc3 Qb6 16. Nc4 Qc5 17. Na4 Qa7 18. Bxe6 Nxe6+ 19. Nab6 Bd8 20. Qxd6 Rc8
21. b3 Rc6 22. Qd2 Bxb6+ 23. Kh1 Rd8 24. Qe2 Nd4 25. Qd3 Nf5 26. exf5 Rxd3 27.
cxd3 Bc7 28. Rae1 Qd4 29. f4 f6 30. fxe5 fxe5 31. Rd1 Rf6 32. Rf3 e4 33. Rff1
e3 34. Nxe3 Qxe3 35. Rf3 Qe2 36. Rdf1 Rh6 0-1

[Event "7MCR_4D_2L_4S"]
[Site "?"]
[Date "2006.??.??"]
[Round "?"]
[White "Petricek, Jiri"]
[Black "Vins, Karel"]
[Result "1-0"]
[WhiteElo "1709"]
[BlackElo "1502"]
[PlyCount "83"]
[EventDate "2006.??.??"]
[EventType "corr"]
[EventRounds "2"]

1. e4 e5 2. Nf3 Nc6 3. Bb5 a6 4. Ba4 b5 5. Bb3 Be7 6. O-O d6 7. Re1 Na5 8.
Bxf7+ Kxf7 9. d4 Bg4 10. h3 Bxf3 11. Qxf3+ Nf6 12. Be3 Nc4 13. dxe5 dxe5 14.
Bg5 h6 15. Bc1 c6 16. b3 Nb6 17. Nd2 g6 18. Bb2 Nbd7 19. c4 Bb4 20. Red1 Qe7
21. a3 Kg7 22. axb4 Rhf8 23. Ra2 Ne8 24. Qg3 Nc7 25. Nf3 Rae8 26. Rxd7 Qxd7 27.
Nxe5 Rxe5 28. Bxe5+ Kh7 29. Bxc7 Rf7 30. Bd6 Qc8 31. Qg4 Qxg4 32. hxg4 Ra7 33.
f4 Kg7 34. e5 Kf7 35. Bc5 Ra8 36. f5 gxf5 37. gxf5 h5 38. Rd2 a5 39. Rd7+ Ke8
40. Re7+ Kd8 41. f6 a4 42. f7 1-0

[Event "7MCR_4D_2L_4S"]
[Site "?"]
[Date "2006.??.??"]
[Round "?"]
[White "Vacek, Frantisek"]
[Black "Fuzikova, Eva"]
[Result "1/2-1/2"]
[WhiteElo "1800"]
[BlackElo "1600"]
[PlyCount "113"]
[EventDate "2006.??.??"]
[EventType "corr"]
[EventRounds "2"]

1. d4 d5 2. Nf3 Nf6 3. c4 dxc4 4. e3 b5 5. a4 c6 6. axb5 cxb5 7. b3 e6 8. bxc4
bxc4 9. Bxc4 Bd6 10. O-O O-O 11. Qe2 Bb7 12. Nbd2 Nc6 13. Ba3 a5 14. Bxd6 Qxd6
15. Ra4 e5 16. Rb1 Qd7 17. Qd1 exd4 18. exd4 Nb4 19. Rba1 Rfd8 20. Qc1 Qf5 21.
Bxf7+ Kxf7 22. Qc7+ Rd7 23. Ne5+ Ke8 24. Nxd7 Qxd7 25. Qxd7+ Kxd7 26. Nc4 Nfd5
27. Nxa5 Bc8 28. Nc4 Rxa4 29. Ne5+ Kd6 30. Rxa4 Nc6 31. Nxc6 Bd7 32. Ra8 Bxc6
33. Rg8 g6 34. f3 Ne7 35. Rh8 h5 36. Kf2 Kd5 37. Ke3 Kc4 38. Rf8 Ba4 39. Rd8 g5
40. Kf2 h4 41. Rh8 Kxd4 42. Rh5 Ke5 43. Rxg5+ Nf5 44. Rg4 Bd7 45. Re4+ Kf6 46.
Rb4 Kg5 47. g4 hxg3+ 48. hxg3 Nh6 49. Rb7 Be6 50. Rb5+ Kf6 51. Rh5 Kg6 52. Rc5
Kf6 53. Ke3 Ng8 54. Ke4 Nh6 55. g4 Nxg4 56. fxg4 Bxg4 57. Kf4 1/2-1/2

[Event "7MCR_4D_2L_4S"]
[Site "?"]
[Date "2006.??.??"]
[Round "?"]
[White "Vacek, Frantisek"]
[Black "Petricek, Jiri"]
[Result "1-0"]
[WhiteElo "1800"]
[BlackElo "1502"]
[PlyCount "95"]
[EventDate "2006.??.??"]
[EventType "corr"]
[EventRounds "2"]

1. d4 d5 2. Nf3 e6 3. Bg5 Be7 4. Bxe7 Qxe7 5. Nc3 Nf6 6. e3 O-O 7. Be2 b6 8.
O-O c5 9. a4 Bb7 10. a5 cxd4 11. exd4 bxa5 12. Re1 Nc6 13. Na4 Rab8 14. c3 Nd7
15. Bd3 Rfd8 16. b3 Rdc8 17. Qd2 Rc7 18. Qc2 h6 19. Qd2 Bc8 20. Qf4 Qd8 21. Nd2
Bb7 22. Re3 Bc8 23. h3 Rcb7 24. Rg3 Qf6 25. Qd6 Ne7 26. Nc5 Rb6 27. Nxd7 Bxd7
28. Qxd7 R6b7 29. Qd6 Rb6 30. Qc7 Nc6 31. Rf3 Qe7 32. Qf4 a6 33. Rg3 Kh8 34.
Ra2 Qf6 35. Qc7 Qe7 36. Qxe7 Nxe7 37. Rf3 f6 38. Rxa5 e5 39. dxe5 fxe5 40. Rxa6
Rxa6 41. Bxa6 Kg8 42. c4 e4 43. Re3 Rb6 44. Bb5 Nf5 45. Re1 Nd4 46. Be8 Nxb3
47. Nxb3 Rxb3 48. cxd5 1-0

[Event "7MCR_4D_2L_4S"]
[Site "?"]
[Date "2006.??.??"]
[Round "?"]
[White "Vacek, Frantisek"]
[Black "Vins, Karel"]
[Result "1-0"]
[WhiteElo "1800"]
[BlackElo "1709"]
[PlyCount "75"]
[EventDate "2006.??.??"]
[EventType "corr"]
[EventRounds "2"]

1. d4 d5 2. c4 e6 3. Nc3 Nf6 4. Nf3 c6 5. Bg5 Be7 6. e3 h6 7. Bxf6 Bxf6 8. Bd3
Nd7 9. O-O Be7 10. Qc2 dxc4 11. Bxc4 Nf6 12. Ne4 Nxe4 13. Qxe4 O-O 14. Rac1 Bf6
15. Ne5 Bxe5 16. dxe5 Qe7 17. Rcd1 Rd8 18. b3 Bd7 19. Rd6 Be8 20. Qd4 b6 21.
Rd1 Rdc8 22. Bd3 Rc7 23. Qe4 g6 24. Be2 Rac8 25. h3 c5 26. a4 Bc6 27. Qf4 Qg5
28. Qxg5 hxg5 29. f3 Kg7 30. e4 Re8 31. Kf2 Ree7 32. Kg3 Kh6 33. Kg4 Re8 34.
Rxc6 Rxc6 35. Bb5 Rec8 36. Bxc6 Rxc6 37. Rd7 a6 38. Rd6 1-0

[Event "7MCR_4D_2L_4S"]
[Site "?"]
[Date "2006.??.??"]
[Round "?"]
[White "Vins, Karel"]
[Black "Fuzikova, Eva"]
[Result "0-1"]
[WhiteElo "1709"]
[BlackElo "1600"]
[PlyCount "38"]
[EventDate "2006.??.??"]
[EventType "corr"]
[EventRounds "2"]

1. d4 d5 2. c4 dxc4 3. a4 e5 4. d5 Nf6 5. Bg5 Qxd5 6. Qxd5 Nxd5 7. e4 Nb4 8.
Kd1 Be6 9. Nd2 Nd3 10. Bxd3 cxd3 11. Ngf3 Nc6 12. Rc1 f6 13. Be3 O-O-O 14. Ne1
Bb4 15. f3 Na5 16. Rf1 Bxd2 17. Bxd2 Bb3+ 18. Nc2 Nc4 19. Rf2 dxc2+ 0-1

[Event "7MCR_4D_2L_4S"]
[Site "?"]
[Date "2006.??.??"]
[Round "?"]
[White "Vins, Karel"]
[Black "Petricek, Jiri"]
[Result "1-0"]
[WhiteElo "1709"]
[BlackElo "1502"]
[PlyCount "81"]
[EventDate "2006.??.??"]
[EventType "corr"]
[EventRounds "2"]

1. d4 d5 2. c4 dxc4 3. e4 e5 4. d5 b5 5. a4 Qh4 6. Nf3 Qxe4+ 7. Be2 Bb4+ 8. Bd2
Bc5 9. Nc3 Qf5 10. Nxb5 Na6 11. O-O Nf6 12. Bxc4 O-O 13. Be3 Bxe3 14. fxe3 Ng4
15. Qe2 Nf6 16. Nc3 Nb4 17. e4 Qh5 18. h3 Bb7 19. Rad1 Rfd8 20. Rfe1 c6 21.
dxc6 Nxc6 22. Rb1 Ng4 23. hxg4 Qxg4 24. Nh2 Qxe2 25. Rxe2 Rac8 26. Bd5 Nd4 27.
Ree1 Bxd5 28. Nxd5 Kf8 29. Nf3 Nxf3+ 30. gxf3 f5 31. b4 f4 32. b5 Kf7 33. Rec1
Rh8 34. a5 Rhd8 35. b6 axb6 36. Rxc8 Rxc8 37. axb6 g6 38. b7 Rb8 39. Nc7 g5 40.
Na6 Rd8 41. b8=Q 1-0

[Event "7MCR_4D_2L_4S"]
[Site "?"]
[Date "2006.??.??"]
[Round "?"]
[White "Vins, Karel"]
[Black "Vacek, Frantisek"]
[Result "0-1"]
[WhiteElo "1709"]
[BlackElo "1800"]
[PlyCount "58"]
[EventDate "2006.??.??"]
[EventType "corr"]
[EventRounds "2"]

1. c4 e5 2. Nc3 Nf6 3. d3 Nc6 4. e4 Bb4 5. a3 Bc5 6. h3 d6 7. Nge2 a5 8. Bd2
O-O 9. Nb5 Nd7 10. Qc1 a4 11. Be3 Na5 12. Bxc5 Nb3 13. Qd1 Ndxc5 14. Ng3 Nxa1
15. Qxa1 f5 16. exf5 Bxf5 17. Nxf5 Rxf5 18. Qd1 c6 19. Nc3 Qh4 20. Qc2 Raf8 21.
Nd1 Nb3 22. g3 Qh6 23. Bg2 Nd4 24. Qd2 Qxd2+ 25. Kxd2 Rxf2+ 26. Nxf2 Rxf2+ 27.
Kc1 Rc2+ 28. Kb1 Rxg2 29. g4 Rd2 0-1